000 00924nam a2200181 a 4500
008 091008s2007 ||||||||||||||||| || u
050 _aUN-ECA(02)
110 _aUnited Nations Economic Commission For Africa(UNECA)
245 1 0 _aMaking Africa's power sector sustainable: an analysis of power sector reforms in Africa
_cA joint UNECA and UNEP report
260 _aAddis Ababa
_bUNITED NATIONS
_c2007
300 _axvii, 131p. ;ill
350 _a0.00
650 _aELECTRIC POWER--AFRICA
650 _aENERGY POLICY--AFRICA
710 _aUnited Nations Environment Programme (UNEP)
995 _aSPECIAL COLLECTIONS
_D0.00
_e03005431
_FCBU-MAIN LIBRARY (Kitwe)
_H1
_I0.00
_jUN-ECA(02)2007/5A
_M1
_UAVAILABLE
_WJan 21, 2010
_y03005431
_ZInternational Publications
995 _aSPECIAL COLLECTIONS
_D0.00
_e03006712
_FCBU-MAIN LIBRARY (Kitwe)
_H1
_I0.00
_jUN-ECA(02)2007/5B
_M2
_UAVAILABLE
_WJun 29, 2010
_y03006712
_ZInternational Publications
999 _c82327
_d82327